00649cam a22001571 4500082003000000110002800030245014000058260002900198300004900227526003700276650001300313700003900326942001200365999001900377952009500396 a526.9bHIScL- tech, P-972 aSurvey of India.93966400aHistorical records of the Survey of India,ccollected and comp. by Colonel R. H. Phillimore (late Royal Engineers and Survey of India). aDehra Dunb(U.P.)c1945- av.billus., maps (part fold.) ports.c30 cm. a0b0c0d526_900000000000000_HIS aMCE93791 aPhillimore, Reginald Henry,939665 2ddccBK c544116d544116 00102ddc4070aMCEbMCEd2014-04-11l0o526.9 HISpMCE-40259r2014-04-11w2014-04-11yBK